[Event "IECC TH-M-2109"]
[Site "IECC email"]
[Date "2003.06.07"]
[Round "?"]
[White "Depasse, Jean Marc"]
[Black "Luniewski, Miroslaw"]
[Result "1-0"]
[WhiteElo "1254"]
[BlackElo "1173"]
[PlyCount "107"]
[EventDate "2003.??.??"]
[EventType "tourn (corr)"]
[SourceTitle "Corr 2020"]
[Source "ChessBase"]
[SourceDate "2019.09.30"]
[SourceVersion "1"]
[SourceVersionDate "2019.09.30"]
[SourceQuality "1"]
[WhiteTeam "France"]
[BlackTeam "Poland"]
[WhiteTeamCountry "FRA"]
[BlackTeamCountry "POL"]

1. e4 e6 2. d4 d5 3. Nc3 Nf6 4. Bg5 Be7 5. e5 Nfd7 6. Bxe7 Qxe7 7. f4 0-0 8. Qd2 c5 9. Nf3 Nc6 10. g3 Nb6 11. dxc5 Qxc5 12. 0-0-0 Bd7 13. Be2 Nc4 14. Bxc4 Qxc4 15. Qd3 Qxd3 16. Rxd3 Rac8 17. Rhd1 b6 18. Nd4 Nxd4 19. Rxd4 Rc5 20. a3 Rfc8 21. f5 Bc6 22. fxe6 fxe6 23. Rf1 Be8 24. Rf2 Bg6 25. h3 Rc4 26. Rxc4 dxc4 27. Nb5 Rc5 28. Nxa7 Be8 29. Rd2 Kf7 30. Rd8 Rxe5 31. Rb8 b5 32. Nc8 Bc6 33. Na7 Bd7 34. Rb7 Ke8 35. Kd2 Rd5+ 36. Ke3 Rc5 37. Kd4 Rg5 38. g4 h5 39. Kc3 hxg4 40. hxg4 Rxg4 41. Nxb5 Bxb5 42. Rxb5 Kf7 43. Rc5 g5 44. Rxc4 Rxc4+ 45. Kxc4 Kf6 46. Kd3 g4 47. Ke3 e5 48. a4 Kg5 49. a5 g3 50. a6 Kg4 51. a7 g2 52. Kf2 Kh3 53. a8Q Kh2 54. Qxg2# 1-0